| 000 | 00438nam a2200169Ia 4500 | ||
|---|---|---|---|
| 005 | 20250423100145.0 | ||
| 008 | 250422s9999 xx 000 0 und d | ||
| 020 | _a9780070483743 | ||
| 050 | _aTJ 163.12 .M34/ | ||
| 100 | _aMahalik, Nitaigour Premchand | ||
| 245 | 0 | _aMechatronics: principles, concepts and applications | |
| 260 | _aNew Delhi | ||
| 260 | _bMcGraw Hill Education | ||
| 260 | _c2003 | ||
| 300 | _a588 p | ||
| 942 | _cBK | ||
| 999 |
_c32450 _d32450 |
||